00333nam a2200121Ia 4500008004100000041000800041082001500049100001800064245004200082260004400124300003200168365001100200240624s9999 xx 000 0 und d aeng a005.54 FRY aFRYE CURTIS D aPLAIN AND SIMPLE MICROSOFT EXCEL 2010 c2010aNew DelhibPrentice-Hall of India axiii, : 303 : p. : cm. ; 17 cRSb36